Derrotero trabajo oficioso que como particular hizo el ex-Presidente de la Comisión Investigadora, para presentarlo a los Honorables Representantes elegidos por la Cámara para el estudio de este Proceso (Registro nro. 93148)

Detalles MARC
000 -ENCABEZADO
Número de control [NR] 00893nam a22001937a 4500
008 - DE LONGITUD FIJA DE DATOS DE ELEMENTOS - INFORMACIÓN GENERAL
Elementos de longitud fija [NR] 130821s1912 ck gr spa
040 ## - FUENTE DE CATALOGACION [NR]
Agencia de catalogación original [NR] Co-BoUCM
Idioma de catalogación [NR] spa
041 00 - CODIGO DE IDIOMA [R]
Código de idioma para texto/pista de sonido o título separado [R] Español
245 00 - MENCION DE TITULO [NR]
Título [NR] Derrotero trabajo oficioso que como particular hizo el ex-Presidente de la Comisión Investigadora, para presentarlo a los Honorables Representantes elegidos por la Cámara para el estudio de este Proceso
Mención de responsabilidad, etc. [NR] Juan B. Pérez y Soto.
260 ## - PUBLICACION, DISTRIBUCION, ETC. (PIE DE IMPRENTA) [R]
Lugar de publicación, distribución, etc. [R] Bogotá (Colombia)
Nombre del editor, distribuidor, etc. [R] Imprenta Eléctrica
Fecha de publicación, distribución, etc. [R] 1912
300 ## - DESCRIPCION FISICA [R]
Extensión [R] 152 páginas
500 ## - NOTA GENERAL [R]
Nota general [NR] Dated: 20 de Septiembre de 1911.
651 #7 - ASIENTO SECUNDARIO DE MATERIA - NOMBRE GEOGRAFICO [R]
Nombre geográfico [NR] Canal de Panamá
9 (RLIN) 26595
651 #7 - ASIENTO SECUNDARIO DE MATERIA - NOMBRE GEOGRAFICO [R]
Nombre geográfico [NR] Panamá
Subdivisión general [R] Historia
Subdivisión cronológica [R] Revolución, 1903
9 (RLIN) 21028
700 1# - ASIENTO SECUNDARIO - NOMBRE PERSONAL [R]
Nombre personal [NR] Pérez y Soto, Juan B.
Forma más completa del nombre [NR] (Juan Bautista)
Fechas asociadas con el nombre [NR] 1854-1926
Término de relación [R]
710 2# - ASIENTO SECUNDARIO - NOMBRE CORPORATIVO [R]
Nombre corporativo o de jurisdicción como elemento de entrada [NR] Colombia.
Unidad subordinada [R] Comisión Investigadora de los Asuntos de Panamá.
942 ## - ELEMENTOS DE ENTRADA AGREGADOS (KOHA)
Tipo de ítem principal el descrito en 300a Libro
Tema principal Historia
Edición 1
Parte restante de la signatura top. P272d
Sistema de clasificación DEWEY
Clasificación 986.2
Existencias
Total préstamos Signatura topográfica Código de barras Última vez visto Ejemplar Price effective from Tipo de ítem Perdido Sistema de clasificación Dañado No prestable Tipo de ítem específico Suprimido Ubicación habitual Ubicación actual Localización Fecha de creación Forma de adquisición Costo
  986.2 P272d 3000308 15/12/2012 Ej.1 03/02/2013 Libro   DEWEY     Libro     Bib. Cavelier Acavalier 30/09/2009   0.00